Sociální politika 2022: dopady inflace do sociální oblasti sborník vědeckých textů z mezinárodní konference Sociální politika 2022
Enregistré dans:
| Collectivité auteur: | |
|---|---|
| Autres auteurs: | , |
| Format: | Livre |
| Langue: | tchèque slovaque anglais |
| Publié: |
Praha
Katedra hospodářské a sociální politiky NF VŠE v Praze
2023
|
| Édition: | 1. vydání |
| Sujets: | |
| Tags: |
Pas de tags, Soyez le premier à ajouter un tag!
|
MARC
| LEADER | 00000nlm a2200000 4500 | ||
|---|---|---|---|
| 001 | 0292291 | ||
| 005 | 20260114140759.0 | ||
| 020 | |a 978-80-245-2477-1 | ||
| 041 | 0 | |a cze | |
| 041 | 0 | |a slo | |
| 041 | 0 | |a eng | |
| 044 | |a CZ | ||
| 245 | 1 | 0 | |a Sociální politika 2022: dopady inflace do sociální oblasti |b sborník vědeckých textů z mezinárodní konference Sociální politika 2022 |c sborník recenzovali: Vladimír Barák, Lucia Bartůsková ... [et al.] |
| 250 | |a 1. vydání | ||
| 264 | 1 | |a Praha |b Katedra hospodářské a sociální politiky NF VŠE v Praze |c 2023 | |
| 300 | |a 130 s. | ||
| 610 | 2 | 0 | |a politika sociálna |
| 610 | 2 | 0 | |a inflácia |
| 610 | 2 | 0 | |a trh práce |
| 610 | 2 | 0 | |a služby sociálne |
| 700 | 1 | |a Barák, Vladimír | |
| 700 | 1 | |a Bartůsková, Lucia | |
| 110 | 2 | |a Sociální politika 2022: Dopady inflace do sociální oblasti. Mezinárodní konference | |